| 000 | 00634nam a2200229 a 4500 | ||
|---|---|---|---|
| 005 | 20240622063854.0 | ||
| 008 | 041109s1999 mx r 000 0 spa d | ||
| 020 | _a9507249087 | ||
| 035 | _aUPN01000136289 | ||
| 049 | _aCG | ||
| 050 | 4 |
_aLC37 _bC8.2 |
|
| 100 | 1 |
_aCuadro Moreno, Osvaldo _935393 |
|
| 245 | 1 | 0 |
_aCómo educar hijos rebeldes / _cOsvaldo Cuadro Moreno. |
| 260 |
_aBuenos Aires : _bLumen, _cc1999. |
||
| 300 | _a175 p. | ||
| 440 | 0 | _aLumen bolsillo | |
| 650 | 4 |
_aEducación familiar _97274 |
|
| 650 | 0 |
_aRelación padres-hijos _91359 |
|
| 650 | 4 |
_aConducta de vida _94416 |
|
| 905 | _aLibro | ||
| 999 |
_c108440 _d108440 |
||